000 00657nam a22002417a 4500
003 UA-OsUOA
001 38221
007 ta
008 20070928b un ||||| |||| 00| 0 ukr d
100 _aТетерина Дарина
090 _a081
_bТ37
942 _cBK
040 _aUA-OsUOA
_bukr
_cUA-OsUOA
_dUA-OsUOA
245 _aВибрані твори в п'яти томах
_bТ. 5
_cФілософія, історія
300 _a311 с.
955 _a1
041 _aukr
080 _a081
020 _a966-8474-01-5
260 _aК.
_bФоліант
_c2003
650 7 _a08 Видання. Колективні праці
_2UDC
999 _c436740
_d436740